[Event "TCh-BEL 2012-13"]
[Site "Belgium BEL"]
[Date "2012.11.18"]
[Round "4.4"]
[White "Tan,Mat"]
[Black "Roos,Dav"]
[Result "1-0"]
[WhiteElo "2428"]
[BlackElo "2122"]

1.e4 c5 2.Nf3 d6 3.Bb5+ Nd7 4.d4 a6 5.Bxd7+ Bxd7 6.dxc5 dxc5 7.Nc3 e6 8.O-O Qc7
9.Bg5 Ne7 10.Bh4 Ng6 11.Bg3 Qb6 12.Nd2 Bb5 13.Nxb5 Qxb5 14.f4 c4 15.f5 Ne5
16.fxe6 Qb6+ 17.Kh1 Qxe6 18.Bxe5 Qxe5 19.Nf3 Qc5 20.Qe2 Be7 21.Rad1 Rd8 22.Rxd8+ Bxd8
23.e5 O-O 24.c3 Re8 25.Qe4 Qb5 26.h3 h6 27.Rd1 Bc7 28.Rd4 Qxb2 29.Rd7 Bb8
30.e6 fxe6 31.Qg6 Qc1+ 32.Ng1 Be5 33.Qxe8+ Kh7 34.Rf7 Qg5 35.Rf8 g6 36.Qf7+  1-0

[Event "TCh-HUN 2012-13"]
[Site "Budapest HUN"]
[Date "2012.11.18"]
[Round "4"]
[White "Medvegy,J"]
[Black "Havanecz,B"]
[Result "0-1"]
[WhiteElo "2032"]
[BlackElo "2049"]

1.e4 c5 2.Nf3 d6 3.Bb5+ Bd7 4.Bxd7+ Qxd7 5.O-O Nc6 6.b3 Nf6 7.Re1 e5 8.c4 Be7
9.Nc3 h6 10.Nd5 g5 11.d3 O-O-O 12.a3 g4 13.Nd2 h5 14.b4 h4 15.Nf1 Nd4 16.Bb2 h3
17.Bxd4 hxg2 18.Ng3 cxd4 19.Nxf6 Bxf6 20.c5 Rh3 21.Kxg2 Rdh8 22.Rh1 d5 23.Rc1 Bg5
24.c6 bxc6 25.Rc5 Be7 26.Ra5 Bd8 27.Rc5 Bb6 28.Rc1 dxe4 29.dxe4 Kb8 30.a4 Qe6
31.a5 Bd8 32.Qe2 Bg5 33.Rb1 Qf6 34.Qxg4 Qh6 35.a6 Rxh2+ 36.Rxh2 Qxh2+ 37.Kf3 Rh4
38.Qxg5 Rf4+ 39.Qxf4 exf4 40.Nf1 Qh5+ 41.Kxf4 Qb5 42.e5 Qxa6 43.Rc1 Kb7 44.Nd2 Qa3
45.Rg1 d3 46.Ke3 Qc3 47.Rg4 Qxe5+ 48.Re4 Qg5+ 49.Kxd3 c5 50.bxc5 Qxc5 51.f3 Qa3+
52.Kc2 a5 53.Rc4 Qa2+ 54.Kd3 a4 55.Rb4+ Kc6 56.Rc4+ Kb5 57.Rc1 a3 58.Ne4 Qd5+
59.Ke2 Qe5 60.Kd3 Qf4 61.Rc5+ Kb6 62.Rc3 Qxf3+ 63.Kd4 Qd1+ 64.Rd3 Qa4+ 65.Ke3 a2
66.Rd6+ Kc7  0-1

[Event "22nd World Seniors Open"]
[Site "Kamena Vourla GRE"]
[Date "2012.11.18"]
[Round "6.13"]
[White "Valenti,G"]
[Black "Filipenko,A"]
[Result "0-1"]
[WhiteElo "2169"]
[BlackElo "2321"]

1.e4 c5 2.Nf3 d6 3.Bb5+ Nc6 4.O-O Bd7 5.c3 a6 6.Ba4 b5 7.Bc2 e5 8.d4 Nf6
9.Re1 Be7 10.d5 Na5 11.Nbd2 Qc7 12.Nf1 O-O 13.Ng3 g6 14.Bh6 Rfb8 15.b3 Nb7
16.h3 Nd8 17.Qd2 Ne8 18.Nh2 f6 19.Be3 Nf7 20.Ng4 Bf8 21.Rf1 Qc8 22.Nh2 Rb7
23.f4 exf4 24.Bxf4 Bg7 25.Rac1 a5 26.Nf3 b4 27.Bd3 bxc3 28.Rxc3 a4 29.Bc4 Nc7
30.Rf2 Nb5 31.Rc1 Na3 32.Qd3 Nxc4 33.bxc4 Rab8 34.Rcc2 Rb4 35.Kh2 R8b7 36.Bd2 Rb2
37.Bc3 Rxc2 38.Qxc2 Rb8 39.Nd2 Ne5 40.Qd1 Qa6 41.Qf1 Rf8 42.Bxe5 dxe5 43.Qd3 Rb8
44.Ne2 Rb2 45.d6 Bh6 46.Qd5+ Kg7 47.Nf3 Qc6 48.Qd3 Rxa2 49.Nxe5 fxe5 50.Qf3 Qxd6
51.Qf7+ Kh8 52.Rf6 Qf8 53.Qxf8+ Bxf8 54.Rxf8+ Kg7 55.Rd8 Be6 56.Nc3 Rc2 57.Nxa4 Rxc4
58.Ra8 Bf7 59.Ra5 Rxe4 60.Nxc5 Re2 61.Nd3 Kf6 62.Kg3 Re3+  0-1

[Event "WY BU18 2012"]
[Site "Maribor SLO"]
[Date "2012.11.18"]
[Round "11.2"]
[White "Idani,P"]
[Black "Gabuzyan,H"]
[Result "0-1"]
[WhiteElo "2462"]
[BlackElo "2500"]

1.e4 c5 2.Nf3 d6 3.Bb5+ Bd7 4.Bxd7+ Qxd7 5.c4 Nf6 6.Nc3 e6 7.O-O Be7 8.d4 cxd4
9.Nxd4 O-O 10.b3 Nc6 11.Bb2 a6 12.Re1 Rfc8 13.Nxc6 Qxc6 14.Qe2 Nd7 15.Rad1 Bf8
16.h3 h6 17.Rc1 Qc5 18.Na4 Qg5 19.Rc3 Rab8 20.Rg3 Qh4 21.Rd1 b5 22.cxb5 axb5
23.Nc3 b4 24.Nb5 Rb6 25.Rg4 Qd8 26.Bd4 Nc5 27.e5 Rxb5 28.Qxb5 dxe5 29.Qxb4 h5
30.Rg3 Rc7 31.Re3 exd4 32.Rxd4 Nd7 33.Qe1 Bc5 34.Rxe6 fxe6 35.Qxe6+ Kf8 36.Rd5 Qe7  0-1

[Event "WY GU18 2012"]
[Site "Maribor SLO"]
[Date "2012.11.18"]
[Round "11.18"]
[White "Narva,T"]
[Black "Neuhauser,S"]
[Result "0-1"]
[WhiteElo "2065"]
[BlackElo "2008"]

1.e4 c5 2.Nf3 d6 3.Bb5+ Nc6 4.O-O Bd7 5.Re1 Nf6 6.c3 a6 7.Bf1 Bg4 8.d3 e6
9.Nbd2 Be7 10.h3 Bh5 11.g4 Bg6 12.Bg2 Nd7 13.Nf1 h5 14.N3h2 hxg4 15.hxg4 e5
16.Ne3 Bg5 17.Nhf1 Nf8 18.Nf5 Bxf5 19.exf5 Bxc1 20.Rxc1 Qg5 21.Qb3 O-O-O
22.Ne3 Nh7 23.Qb6 Nf6 24.Bxc6 bxc6 25.Qxc6+ Kb8 26.Qb6+ Kc8 27.Qxa6+ Kd7
28.Qb7+ Ke8 29.Qg2 Rh4 30.f3 Kd7 31.d4 Rdh8 32.dxe5 Qf4 33.e6+ fxe6 34.fxe6+ Kc8
35.Rc2 Rh3 36.Nf5 Kd8 37.e7+ Kd7 38.e8=Q+ Nxe8 39.Re7+ Kd8 40.Re4 Rh1+ 41.Kf2 Qg5
42.f4 Qf6 43.Rce2 Nc7 44.Rd2 d5 45.Kg3 g6 46.Re5 gxf5 47.Rdxd5+ Kc8 48.g5 Qa6
49.Rd2 R1h4 50.Rxf5 Qe6 51.Rf8+ Rxf8 52.Kxh4 Rxf4+ 53.Kh5 Qe8+ 54.Kh6 Qh8+
55.Kg6 Qg8+ 56.Kh6 Rh4+  0-1

[Event "Plzen Open 2012"]
[Site "Plzen CZE"]
[Date "2012.11.22"]
[Round "5"]
[White "Palek,M"]
[Black "Tsenov,Tsvetoslav"]
[Result "1/2-1/2"]
[WhiteElo "2250"]
[BlackElo "2118"]

1.e4 c5 2.Nf3 d6 3.Bb5+ Nd7 4.O-O e5 5.c3 Nf6 6.d4 Qc7 7.Nbd2 Be7 8.Nc4 O-O
9.Bg5 cxd4 10.cxd4 a6 11.Bxd7 Qxc4 12.b3 Qc7 13.Bxc8 Raxc8 14.Rc1 Qa5 15.dxe5 dxe5
16.Qe2  1/2-1/2

[Event "ch-Commonwealth 2012"]
[Site "Chennai IND"]
[Date "2012.11.23"]
[Round "2"]
[White "Dzhumaev,M"]
[Black "Gajwa,A"]
[Result "1-0"]
[WhiteElo "2530"]
[BlackElo "2002"]

1.e4 c5 2.Nf3 d6 3.Bb5+ Nd7 4.O-O Nf6 5.Re1 a6 6.Bf1 b6 7.d3 e6 8.c3 Bb7
9.Nbd2 Ne5 10.a3 Be7 11.b4 O-O 12.Rb1 Rb8 13.Bb2 Qc7 14.Rc1 Rbd8 15.h3 Nxf3+
16.Qxf3 d5 17.e5 Nd7 18.Qg3 f6 19.d4 fxe5 20.dxe5 Rf5 21.Nf3 d4 22.Bd3 Rxf3
23.gxf3 dxc3 24.Rxc3 Nf8 25.Kh2 Rd4 26.f4 Qc6 27.Rg1 g6 28.Rc2 Bh4 29.Qe3 Rd7
30.bxc5 bxc5 31.f5 exf5 32.Bc4+ Ne6 33.Qf4 Rd1 34.Rc1 Rxc1 35.Bxc1 Be7 36.Qxf5 Bc8
37.Bh6 Kh8 38.Qf7  1-0

[Event "4th OCF Thanksgiving"]
[Site "Stillwater USA"]
[Date "2012.11.23"]
[Round "2.1"]
[White "Zhong,Howard"]
[Black "Langer,M USA"]
[Result "0-1"]
[WhiteElo "1984"]
[BlackElo "2219"]

1.e4 c5 2.Nf3 d6 3.Bb5+ Nd7 4.d4 Nf6 5.Nc3 a6 6.Bxd7+ Nxd7 7.O-O g6 8.Be3 Bg7
9.a4 O-O 10.Qd2 Re8 11.Rad1 b6 12.Ng5 Bb7 13.f4 h6 14.Nf3 Nf6 15.e5 Ng4 16.h3 Nxe3
17.Qxe3 cxd4 18.Nxd4 Qc7 19.exd6 Qxd6 20.f5 Red8 21.Nf3 Qc5 22.Qxc5 bxc5
23.fxg6 fxg6 24.Rde1 Bf6 25.Ne4 Bxb2 26.Kh1 Rac8 27.Ng3 Bf6 28.Ne4 Rc7 29.Nxf6+ exf6
30.Re6 Kf7 31.Rb6 Re8 32.Nh2 f5 33.Rfb1 Be4 34.R6b2 c4 35.Rc1 c3 36.Rbb1 Ree7
37.Nf3 Rb7 38.Rxb7 Rxb7 39.Nd4 Rd7 40.Nf3 Bxf3 41.gxf3 Rd2 42.Kg1 Ke6 43.h4 Ke5
44.a5 Kf4 45.Kf1 Kxf3 46.Kg1 Kg3 47.Kf1 f4 48.Kg1 f3 49.Kf1 Rh2 50.Kg1 f2+  0-1

[Event "62nd ch-GRE 2012"]
[Site "Athens GRE"]
[Date "2012.11.24"]
[Round "1"]
[White "Nikolaidis,I"]
[Black "Filippas,S"]
[Result "1-0"]
[WhiteElo "2555"]
[BlackElo "2310"]

1.e4 c5 2.Nf3 d6 3.Bb5+ Nc6 4.O-O Bd7 5.Re1 Nf6 6.c3 a6 7.Bf1 Bg4 8.h3 Bxf3
9.Qxf3 e6 10.d3 Be7 11.Nd2 O-O 12.Qe2 Rc8 13.f4 g6 14.Nf3 Re8 15.Qf2 Bf8
16.Be3 b5 17.g4 Bg7 18.Bg2 Nd7 19.a3 Qc7 20.Rad1 Na5 21.f5 Nc6 22.g5 exf5
23.exf5 Bf8 24.f6 d5 25.Qh4 Bd6 26.Bf2 Rxe1+ 27.Rxe1 Nb6 28.d4 c4 29.Ne5 Nd8
30.Qg4 Ne6 31.Nxf7  1-0

[Event "ch-Commonwealth 2012"]
[Site "Chennai IND"]
[Date "2012.11.24"]
[Round "3"]
[White "Nanda,K"]
[Black "Siddharth,R"]
[Result "1/2-1/2"]
[WhiteElo "2043"]
[BlackElo "2381"]

1.e4 c5 2.Nf3 d6 3.Bb5+ Bd7 4.Bxd7+ Qxd7 5.O-O Nc6 6.c3 Nf6 7.Qe2 g6 8.d4 cxd4
9.cxd4 d5 10.Nc3 dxe4 11.Nxe4 Nxe4 12.Qxe4 Rd8 13.Be3 Qd5 14.Qxd5 Rxd5 15.Ne5 Bg7
16.Nxc6 bxc6 17.Rac1 Kd7 18.Rc4 Rb8 19.b3 Rb6 20.Rfc1 Ra6 21.a4 Bf6 22.Kf1 h5
23.Ke2 e6 24.R1c2 g5 25.h3 g4 26.hxg4 hxg4 27.Rc1 Rb6 28.b4 a5 29.b5 cxb5
30.Rc7+ Ke8 31.axb5 Rbxb5 32.Ra7 Rd7 33.Rc8+ Ke7 34.Rca8 Rxa7 35.Rxa7+ Ke8
36.Kd3 Rd5 37.Kc4 Bd8 38.g3 Kf8 39.Kd3 Kg7 40.Kc4 Kg6 41.Ra8 Kf5 42.Ra7 Kg6
43.Ra8 Rd7 44.Bd2 Kf5 45.Kd3 e5 46.Bxa5 Rxd4+ 47.Ke2 Bg5 48.Bc3 Rc4 49.Ra3 Ke4
50.Rb3 Be7 51.Bd2 Bc5 52.Rc3 Rxc3 53.Bxc3 f5 54.Ba5 Bd4 55.Bc7 Kd5 56.Bb8 Bc5
57.Bc7 Bd4 58.Bb8 Bb6 59.Kf1 Kd4 60.Ke2 Ke4 61.Bd6 f4 62.gxf4 exf4 63.Bb8 Bd4
64.Bc7 Be5 65.Bb6 Kf5 66.Bd8 Bf6 67.Bc7 Kg5 68.Bd6 f3+ 69.Kf1 Kh4 70.Bg3+ Kh3
71.Bd6 Bg5 72.Be5 Be7 73.Bc7 Bc5 74.Bg3 Be3 75.Bc7  1/2-1/2

[Event "ch-Commonwealth 2012"]
[Site "Chennai IND"]
[Date "2012.11.24"]
[Round "3"]
[White "Saranya,J"]
[Black "Arun Prasad,S"]
[Result "0-1"]
[WhiteElo "2166"]
[BlackElo "2513"]

1.e4 c5 2.Nf3 d6 3.Bb5+ Nd7 4.c3 Nf6 5.Qe2 a6 6.Ba4 b5 7.Bc2 e6 8.d4 Be7
9.O-O Bb7 10.h3 O-O 11.Re1 Qc7 12.Bd3 e5 13.Nbd2 exd4 14.cxd4 Rfe8 15.a4 c4
16.Bb1 Bf8 17.g4 g6 18.Qf1 Bg7 19.Qg2 b4 20.g5 Nh5 21.Nf1 Re7 22.Ng3 Nxg3
23.Qxg3 Rae8 24.Bf4 Re6 25.b3 cxb3 26.Bd3 Qc3 27.Rad1 Bxe4 28.Bxe4 Rxe4 29.Be3 Nb6
30.Rc1 Nc4 31.Rxc3 bxc3 32.Kh2 b2 33.Qg1 c2 34.Rc1 Nxe3 35.fxe3 bxc1=Q 36.Qxc1 Rxe3
37.Kg3 Rc3 38.Kg2 Ree3 39.Nd2 Re2+  0-1

[Event "British Rapidplay"]
[Site "Leeds ENG"]
[Date "2012.11.24"]
[Round "5.3"]
[White "Milliet,S"]
[Black "Gormally,D"]
[Result "0-1"]
[WhiteElo "2405"]
[BlackElo "2495"]

1.e4 c5 2.Nf3 d6 3.Bb5+ Nd7 4.O-O Nf6 5.Re1 a6 6.Bxd7+ Bxd7 7.c3 Bg4 8.d4 e6
9.h3 Bh5 10.d5 exd5 11.exd5+ Be7 12.Nbd2 O-O 13.Nf1 Nd7 14.Bf4 Re8 15.Ng3 Bg6
16.Qd2 b5 17.h4 Nf6 18.Bg5 h6 19.Bxf6 Bxf6 20.h5 Bh7 21.Rxe8+ Qxe8 22.Re1 Qd7
23.Qf4 Be7 24.Qe3 Kf8 25.Nd2 Bg5 26.f4 Bh4 27.Qf3 Bxg3 28.Qxg3 Qf5 29.Qe3 Qf6
30.b4 cxb4 31.cxb4 Bf5 32.Qb6 Kg8 33.Ne4 Bxe4 34.Rxe4 Rc8 35.Qe3 Qf5 36.Re8+ Rxe8
37.Qxe8+ Kh7 38.Qc6 Qxf4 39.Qxa6 Qd4+ 40.Kf1 Qxd5 41.a4 Qd1+ 42.Kf2 bxa4
43.b5 Qc2+ 44.Kf1 Qd3+ 45.Kf2 a3 46.Qa7 Qc2+ 47.Ke1 a2 48.b6 Qb1+ 49.Kd2 a1=R  0-1

[Event "XXVI Belgrade Trophy 2012"]
[Site "Belgrade SRB"]
[Date "2012.11.25"]
[Round "2.22"]
[White "Lukovic,V"]
[Black "Rodic,Dr"]
[Result "1-0"]
[WhiteElo "2352"]
[BlackElo "2088"]

1.e4 c5 2.Nf3 d6 3.Bb5+ Nc6 4.Bxc6+ bxc6 5.O-O e5 6.c3 Ba6 7.Re1 Bd3 8.Re3 c4
9.Qa4 Qd7 10.Na3 c5 11.Qxd7+ Kxd7 12.Ne1 Nf6 13.Nxd3 cxd3 14.c4 g5 15.Nb5 g4
16.Nc3 h5 17.Rxd3 a6 18.Re3 Bh6 19.Re2 h4 20.d3 Rag8 21.Be3 Nh5 22.Nd5 g3
23.fxg3 hxg3 24.h3 Ke6 25.a3 Bxe3+ 26.Rxe3 a5 27.b4 Rb8 28.b5 a4 29.Rf1 f6
30.Rf5 Rh6 31.Ref3 Rf8 32.Rg5 Rf7 33.Rg4 Nf4 34.Nxf4+ exf4 35.Rgxf4  1-0

[Event "ch-Commonwealth 2012"]
[Site "Chennai IND"]
[Date "2012.11.25"]
[Round "5"]
[White "Kunal,M"]
[Black "Sethuraman,S"]
[Result "0-1"]
[WhiteElo "2276"]
[BlackElo "2520"]

1.e4 c5 2.Nf3 d6 3.Bb5+ Nc6 4.O-O Bd7 5.c3 Nf6 6.Re1 a6 7.Ba4 b5 8.Bc2 Bg4
9.d3 e6 10.Nbd2 Be7 11.h3 Bh5 12.Nf1 d5 13.Ng3 Bg6 14.Nh4 dxe4 15.Nxg6 hxg6
16.dxe4 Nd7 17.f4 Qc7 18.Qf3 c4 19.e5 Rd8 20.Ne4 Nc5 21.Nxc5 Bxc5+ 22.Be3 Ne7
23.Bxc5 Qxc5+ 24.Qf2 Qxf2+ 25.Kxf2 Nd5 26.Kf3 Ke7 27.Be4 Nb6 28.Ke2 Na4 29.Rab1 Rh4
30.Ke3 Nc5 31.Bc2 g5 32.fxg5 Rh5 33.Kf4 Rd2 34.Bd1 Rh4+ 35.Kg3 Rh8 36.Bf3 Rhd8
37.Re2 Rxe2 38.Bxe2 Rd2 39.Kf3 Nd7 40.b3 Nxe5+ 41.Ke3 Rxa2 42.bxc4 bxc4 43.Rb7+ Kd6
44.g6 fxg6 45.Rxg7 Rc2 46.Rb7 Rxc3+ 47.Kd4 Rc2 48.Ke3 Kd5 49.h4 Ra2 50.g4 Ra3+
51.Kf4 c3 52.h5 c2 53.Rc7 Nc6  0-1

[Event "TCh-AUT 2 Mitte 2012-13"]
[Site "Sauwald AUT"]
[Date "2012.11.25"]
[Round "5.3"]
[White "Singer,C"]
[Black "Sandhoefner,F"]
[Result "1/2-1/2"]
[WhiteElo "2325"]
[BlackElo "2221"]

1.e4 c5 2.Nf3 d6 3.Bb5+ Nc6 4.O-O Bd7 5.Re1 Nf6 6.c3 a6 7.Bf1 Bg4 8.d4 cxd4
9.cxd4 d5 10.exd5 Nxd5 11.Nc3 e6 12.h3 Bxf3 13.Qxf3 Be7 14.Be3 O-O 15.Bc4 Nxc3
16.bxc3 Rc8 17.Bd3 Na5 18.c4 Nxc4 19.Qxb7 Nxe3 20.fxe3 a5 21.Rac1 Bb4 22.Rxc8 Qxc8
23.Qxc8 Rxc8 24.Re2 g6 25.Rc2 Rxc2 26.Bxc2 Kf8 27.Kf2 Ke7 28.e4 Bc3 29.Ke3 Bb2
30.Bb3 Bc3  1/2-1/2

[Event "22nd TCh-SLO 2012"]
[Site "Slovenia SLO"]
[Date "2012.11.25"]
[Round "3"]
[White "Kavcic,Z"]
[Black "Jankovic,A"]
[Result "1/2-1/2"]
[WhiteElo "2269"]
[BlackElo "2535"]

1.e4 c5 2.Nf3 d6 3.Bb5+ Nd7 4.d4 cxd4 5.Qxd4 a6 6.Bxd7+ Bxd7 7.c4 Rc8 8.Nc3 e6
9.Be3 Nf6 10.h3 Qc7 11.Nd2 b5 12.cxb5 axb5 13.O-O Be7 14.a4 bxa4 15.Nxa4 Qc2
16.Nb6 e5 17.Qb4 d5 18.Qa5 Bd8 19.exd5 O-O 20.Nf3 Bxb6 21.Bxb6 e4 22.Ne5 Qxb2
23.Nxd7 Nxd7 24.Rab1 Qe5 25.Rfd1 Rfe8 26.Bd4 Qd6 27.Qb4 Qxb4 28.Rxb4 Rcd8
29.Rb7 Ne5 30.Bxe5 Rxe5 31.d6 Kf8 32.Rd4 Re6 33.Rbb4 f5 34.g4 Rexd6 35.Rxd6 Rxd6
36.gxf5 Rd3 37.Kg2 e3 38.fxe3 Rxe3 39.Rb7 h5 40.f6 gxf6 41.Rh7 h4 42.Rxh4 Kf7
43.Rf4 Kg6 44.Rf3 Re4 45.Ra3 f5 46.Kf2 Kg5 47.Rg3+ Kh4 48.Rf3 Rb4 49.Rc3 Rd4  1/2-1/2

[Event "XXVI Belgrade Trophy 2012"]
[Site "Belgrade SRB"]
[Date "2012.11.26"]
[Round "3.40"]
[White "Stamatovic,A"]
[Black "Maslar,Ljubisa"]
[Result "1-0"]
[WhiteElo "2181"]
[BlackElo "1899"]

1.e4 c5 2.Nf3 d6 3.Bb5+ Bd7 4.Bxd7+ Qxd7 5.O-O Nc6 6.c3 e5 7.d4 cxd4 8.cxd4 Nf6
9.Nc3 Be7 10.Bg5 exd4 11.Nxd4 Nxd4 12.Qxd4 O-O 13.e5 Ne8 14.Bf4 Qd8 15.Rad1 dxe5
16.Qxe5 Bd6 17.Rxd6 Qxd6 18.Qxd6 Nxd6 19.Bxd6 Rfe8 20.Bf4 Rac8 21.Rd1 h6
22.Kf1 Rc4 23.Be3 a6 24.Rd4 Rc6 25.Rd7 b5 26.a3 Rc4 27.Rb7 Rec8 28.Nd5 Rc1+
29.Bxc1 Rxc1+ 30.Ke2 Rc2+ 31.Ke3 Rxb2 32.Rc7 a5 33.h4 a4 34.h5 Rb1 35.g4 Re1+
36.Kf3 Rb1 37.Ke4 Re1+ 38.Ne3 Rb1 39.Kd3 b4 40.axb4 Rxb4 41.Ra7 Rf4 42.Ke2 Rb4
43.f3 Rb2+ 44.Kd3 Rb3+ 45.Kd4 a3 46.f4 Kf8 47.g5 hxg5 48.fxg5 Kg8 49.g6 fxg6
50.hxg6 Kf8 51.Nf5 Rb8 52.Rf7+ Kg8 53.Rxg7+ Kh8 54.Rh7+  1-0

[Event "ch-Commonwealth 2012"]
[Site "Chennai IND"]
[Date "2012.11.26"]
[Round "6"]
[White "Deepan,C"]
[Black "Padhya,S"]
[Result "1/2-1/2"]
[WhiteElo "2500"]
[BlackElo "2236"]

1.e4 c5 2.Nf3 d6 3.Bb5+ Nd7 4.d4 Nf6 5.Nc3 a6 6.Bxd7+ Nxd7 7.Be3 e6 8.a4 Be7
9.a5 O-O 10.O-O Qc7 11.dxc5 Nxc5 12.b4 Nb3 13.Ra3 Qxc3 14.Rxb3 Qc6 15.e5 f6
16.exf6 Rxf6 17.Bg5 Rxf3 18.Bxe7 Rxb3 19.cxb3 e5 20.Qxd6 Qxd6 21.Bxd6 e4
22.Bc5 Bd7 23.Rd1 Bc6 24.Kf1 Re8 25.Ke2 Kf7 26.Ke3 Re5 27.Rd4 Rg5 28.g3  1/2-1/2

[Event "CCSCSL GM Inv"]
[Site "Saint Louis USA"]
[Date "2012.11.26"]
[Round "2.5"]
[White "Zierk,S"]
[Black "Sarkar,J"]
[Result "1/2-1/2"]
[WhiteElo "2475"]
[BlackElo "2414"]

1.e4 c5 2.Nf3 d6 3.Bb5+ Nd7 4.d4 cxd4 5.Qxd4 a6 6.Bxd7+ Bxd7 7.Nc3 Rc8 8.O-O e5
9.Qd3 h6 10.Be3 Nf6 11.Rfd1 Be7 12.Nh4 g6 13.h3 b5 14.a3 Kf8 15.f4 Kg7 16.Nf3 Qc7
17.Qe2 Bc6 18.fxe5 dxe5 19.Bf2 Nh5 20.Rd2 Nf4 21.Qe3 Rhd8 22.Rad1 Rxd2 23.Rxd2 b4
24.axb4 Bxb4 25.Kh2 Bxc3 26.Qxc3 Bxe4 27.Nxe5 Qxc3 28.bxc3 Nxg2 29.Rd7 Rxc3
30.Nxf7 Kf8 31.Nd6 Bd5 32.Bd4 Rxc2 33.Kg3 Be6 34.Bg7+ Kg8 35.Re7 Ne3 36.Bxh6 Nf5+
37.Nxf5 Bxf5 38.Kf4 Bxh3 39.Rg7+ Kh8 40.Rxg6 a5 41.Bg7+ Kh7 42.Rh6+ Kxg7
43.Rxh3 Ra2 44.Ke5 a4 45.Kd4 Ra1 46.Kc4 a3 47.Kb3 Kf6 48.Rh2 Ke5 49.Ra2 Rxa2
50.Kxa2 Kd4 51.Kxa3 Ke5  1/2-1/2

[Event "3rd Thanksgiving Open"]
[Site "Saint Louis USA"]
[Date "2012.11.26"]
[Round "6.5"]
[White "Priyadharshan,K"]
[Black "Bregadze,L"]
[Result "1-0"]
[WhiteElo "2408"]
[BlackElo "2361"]

1.e4 c5 2.Nf3 d6 3.Bb5+ Nc6 4.O-O Bg4 5.c3 a6 6.Bxc6+ bxc6 7.d4 cxd4 8.cxd4 e6
9.Qa4 Qd7 10.Be3 Bxf3 11.gxf3 d5 12.Rc1 Ne7 13.Nd2 g5 14.Nb3 f5 15.Nc5 Qc8
16.exf5 exf5 17.Nd3 f4 18.Bd2 g4 19.Kh1 gxf3 20.Ne5 Qh3 21.Rg1 Rc8 22.Qxa6 Rg8
23.Rxg8 Nxg8 24.Rg1 Nf6 25.Qb7 Qe6 26.Bxf4 Bd6 27.Qg7 Bf8 28.Qg3 Rb8 29.b3 Ra8
30.a4 Rb8 31.Qxf3 Ne4 32.Qh5+ Kd8 33.f3 Nf2+ 34.Kg2 Rxb3 35.Kxf2 Be7 36.Nxc6+  1-0

[Event "17th Bora Kostic Mem"]
[Site "Vrsac SRB"]
[Date "2012.11.26"]
[Round "6.2"]
[White "Svetushkin,D"]
[Black "Cvitan,O"]
[Result "1-0"]
[WhiteElo "2589"]
[BlackElo "2535"]

1.e4 c5 2.Nf3 d6 3.Bb5+ Bd7 4.Bxd7+ Qxd7 5.c4 Nf6 6.Nc3 g6 7.d4 cxd4 8.Nxd4 Bg7
9.h3 Qc7 10.b3 Qa5 11.Bd2 Nxe4 12.Nxe4 Qe5 13.Qb1 f5 14.Bc3 Qxe4+ 15.Qxe4 fxe4
16.Nb5 Bxc3+ 17.Nxc3 Rf8 18.O-O Rf5 19.Rfe1 Nc6 20.Nxe4 O-O-O 21.g4 Ra5 22.Nc3 Re5
23.Kg2 Rf8 24.Kg3 Rxe1 25.Rxe1 Kd7 26.Rd1 b6 27.f4 Nb4 28.g5 Na6 29.Re1 Nc7
30.Kg4 Rf5 31.h4 b5 32.Re4 bxc4 33.Rxc4 Nd5 34.Nxd5 Rxd5 35.h5 a5 36.h6 Rb5
37.Ra4 Ke6 38.a3 Rxb3 39.Rxa5 Rb1 40.Ra8 Kd5 41.Ra7 e6 42.Re7 Ra1 43.a4 e5
44.Rxh7 Ke4 45.fxe5 dxe5 46.Rg7 Rg1+ 47.Kh4 Rh1+ 48.Kg3 Rg1+ 49.Kf2 Rxg5
50.h7 Rf5+ 51.Ke2 Rh5 52.a5  1-0

[Event "17th Bora Kostic Mem"]
[Site "Vrsac SRB"]
[Date "2012.11.26"]
[Round "6.3"]
[White "Sedlak,N"]
[Black "Georgiev,Ki"]
[Result "1/2-1/2"]
[WhiteElo "2572"]
[BlackElo "2660"]

1.e4 c5 2.Nf3 d6 3.Bb5+ Nc6 4.O-O Bd7 5.Re1 a6 6.Bxc6 Bxc6 7.d4 cxd4 8.Nxd4 e6
9.Nxc6 bxc6 10.c4 Nf6 11.Nc3 Be7 12.Qa4 Qc7 13.c5 Nd7 14.cxd6 Bxd6 15.h3 O-O
16.Be3 Rfb8 17.Qc2 c5 18.Red1 Ne5 19.Na4 c4 20.f4 Ng6 21.e5 Bf8 22.Rd4 c3
23.Qxc3 Qb7 24.Bf2 Rd8 25.Qd2 Rxd4 26.Qxd4 Rc8 27.Qd2 Ra8 28.Qd4 Rc8 29.Rd1 h6
30.g3 Be7 31.Qd3 h5 32.h4 a5 33.Qe2 Bf8 34.Nc3 Ne7 35.Rd2 g6 36.Qb5 Qa8 37.Rd7 Nf5
38.Qb7 Qxb7 39.Rxb7 Rc4 40.Kf1 Bb4 41.Nd1 Rc2 42.a3 Bd2 43.b4 axb4 44.axb4 Ra2
45.b5 Ra3 46.Kg2 Rb3 47.b6 Ba5 48.Ra7 Bxb6 49.Rb7 Rd3 50.Nb2 Bxf2 51.Nxd3 Bxg3
52.Kf3 Bxh4  1/2-1/2

[Event "XXVI Belgrade Trophy 2012"]
[Site "Belgrade SRB"]
[Date "2012.11.27"]
[Round "4.22"]
[White "Devetak,D"]
[Black "Pantelic,Sa"]
[Result "1/2-1/2"]
[WhiteElo "2156"]
[BlackElo "2333"]

1.e4 c5 2.Nf3 d6 3.Bb5+ Bd7 4.Bxd7+ Nxd7 5.O-O Ngf6 6.d3 e6 7.h3 Be7 8.Bf4 O-O
9.a4 Re8 10.Nbd2 Nf8 11.Re1 Ng6 12.Bh2 b6 13.e5 Nd5 14.exd6 Bxd6 15.Bxd6 Qxd6
16.Nc4 Qc7 17.Nfe5 Ngf4 18.Qf3 f6 19.Ng4 Rad8 20.Nge3 Nb4 21.Rad1 Nc6 22.Qg3 Nd4
23.Kf1 e5 24.Nd2 Kh8 25.Nf3 Qc6 26.b3 Nxf3 27.gxf3 Qe6 28.h4 Qf7 29.Ng2 Nd5
30.Rc1 Nc3 31.Ne3 Rd7 32.Nd1 Na2 33.Ra1 Nb4 34.Rc1 Nc6 35.Nc3 Nd4 36.Ne2 Nf5
37.Qg4 Nd6 38.Ng3 f5 39.Qh3 Rde7 40.Re2 h6 41.Rce1 Re6 42.f4 exf4 43.Rxe6 Rxe6
44.Rxe6 Qxe6 45.Ne2 Qe5  1/2-1/2

[Event "62nd ch-HUN 2012"]
[Site "Heviz HUN"]
[Date "2012.11.27"]
[Round "6.5"]
[White "Mihok,O"]
[Black "Szabo,Krisz1"]
[Result "1/2-1/2"]
[WhiteElo "2451"]
[BlackElo "2541"]

1.e4 c5 2.Nf3 d6 3.Bb5+ Bd7 4.Bxd7+ Qxd7 5.c4 Nf6 6.Nc3 g6 7.d4 cxd4 8.Nxd4 Bg7
9.h3 O-O 10.Be3 Nc6 11.O-O Rfc8 12.b3 Qd8 13.Rc1 Qa5 14.f4 Rd8 15.Nde2 Rac8
16.Qd3 a6 17.a4 Nb4 18.Qb1 Nd7 19.Rfd1 Nc5 20.Kh1 e6 21.Nd4 Qc7 22.Nde2 Qa5
23.Nd4 Qc7 24.Nde2 Qa5 25.Nd4  1/2-1/2

[Event "CCSCSL GM Inv"]
[Site "Saint Louis USA"]
[Date "2012.11.28"]
[Round "5.2"]
[White "Priyadharshan,K"]
[Black "Sarkar,J"]
[Result "1-0"]
[WhiteElo "2408"]
[BlackElo "2414"]

1.e4 c5 2.Nf3 d6 3.Bb5+ Nd7 4.c3 Nf6 5.Qe2 a6 6.Ba4 Qc7 7.O-O c4 8.Bc2 b5
9.a4 Rb8 10.axb5 axb5 11.d3 cxd3 12.Bxd3 b4 13.Bd2 e5 14.cxb4 Be7 15.Rc1 Qd8
16.Na3 O-O 17.Nc4 Bb7 18.Ra7 d5 19.exd5 Bxd5 20.Nfxe5 Nxe5 21.Nxe5 Bxb4 22.Be3 Rb7
23.Rxb7 Bxb7 24.Nc6 Bxc6 25.Rxc6 Nd5 26.Rc4 Re8 27.Rd4 Bc5 28.Qh5 Bxd4 29.Qxh7+ Kf8
30.Bxd4 Re1+ 31.Bf1 Nf6 32.Bc5+ Ke8 33.Qh8+ Kd7 34.Qh3+ Kc6 35.Bb4 Rc1 36.Qa3 Ne4
37.Qa6+ Qb6 38.Qc8+ Qc7 39.Qf5 Nd6 40.Qf4 Ra1 41.b3 Qb8 42.Qd4 Rd1 43.Qxd1 Qxb4
44.g3 f5 45.Bg2+ Kd7 46.Bd5 g5 47.h3 Qc3 48.Kg2 Qe5 49.Bf3 Qc3 50.Qd5 Ke7
51.Qg8 Qd2 52.Bd5  1-0

[Event "TCh-AUT 2 East 2012-13"]
[Site "Austria AUT"]
[Date "2012.12.01"]
[Round "5.4"]
[White "Hangweyrer,M"]
[Black "Prager,M AUT"]
[Result "1-0"]
[WhiteElo "2367"]
[BlackElo "2035"]

1.e4 c5 2.Nf3 d6 3.Bb5+ Bd7 4.Bxd7+ Qxd7 5.c4 Nc6 6.d4 cxd4 7.Nxd4 Nf6 8.f3 g6
9.Nc3 Bg7 10.Be3 O-O 11.Rc1 Rfd8 12.O-O Ne8 13.Nde2 b6 14.Qd2 Qb7 15.b3 Rac8
16.Rfd1 Rc7 17.Bg5 Rdc8 18.Qe3 Nd8 19.Qf2 Ne6 20.Be3 Nf8 21.h3 Ne6 22.Nd5 Rd7
23.Nec3 N6c7 24.Bd4 Nxd5 25.exd5 e5 26.dxe6 fxe6 27.Bxg7 Rxg7 28.Qe3 Re7
29.Re1 Ng7 30.Rcd1 Nf5 31.Qd3 Qc6 32.Ne4 Rd8 33.Qc3 e5 34.Qd2 Kg7 35.Qg5 Rf8
36.Rxd6 Qc7 37.Rd5 Nd4 38.Nd6 h6 39.Qd2 Rf6 40.Ne4 Rf8 41.Re3 Rd8 42.Nc3 Rde8
43.Re4 Rf8 44.Rdxd4  1-0

[Event "FSIM December 2012"]
[Site "Budapest HUN"]
[Date "2012.12.01"]
[Round "1.3"]
[White "Lyell,M"]
[Black "Szalanczy,E"]
[Result "1-0"]
[WhiteElo "2226"]
[BlackElo "2259"]

1.e4 c5 2.Nf3 d6 3.Bb5+ Nd7 4.d4 Nf6 5.O-O cxd4 6.Qxd4 e5 7.Qd3 h6 8.c4 Be7
9.Nc3 O-O 10.Bxd7 Bxd7 11.Rd1 Bc6 12.Be3 a6 13.a4 b6 14.Ne1 Qb8 15.Nc2 Qb7
16.f3 Rfe8 17.Nb4 Bf8 18.b3 Rac8 19.Ncd5 Nd7 20.Nxc6 Qxc6 21.Nb4 Qb7 22.Nd5 Nc5
23.Bxc5 Rxc5 24.b4 Rcc8 25.a5 bxa5 26.Rxa5 Qc6 27.Rda1 Ra8 28.b5  1-0

[Event "TCh-CZE Extraliga 2012-13"]
[Site "Czech Republic CZE"]
[Date "2012.12.01"]
[Round "3.4"]
[White "Velicka,P"]
[Black "Vokac,M"]
[Result "1/2-1/2"]
[WhiteElo "2469"]
[BlackElo "2471"]

1.e4 c5 2.Nf3 d6 3.Bb5+ Bd7 4.Bxd7+ Qxd7 5.c4 Nc6 6.Nc3 Nf6 7.d4 cxd4 8.Nxd4 e6
9.O-O Be7 10.b3 O-O 11.Bb2 a6 12.Re1 Qc7 13.Rc1 Nxd4 14.Qxd4 Rfc8 15.Na4 Re8
16.Nb6 Rad8 17.a4 Nh5 18.a5 Bf6 19.Qd2 Bxb2 20.Qxb2 Qc5 21.Qd2 f5 22.b4 Qe5
23.Qg5 Nf6 24.exf5 Qxf5 25.Qxf5 exf5 26.f3 Kf7 27.Rxe8 Kxe8 28.Kf2 Kf7 29.h4 h6
30.Rd1 g5 31.hxg5 hxg5 32.c5 Ke6 33.Nc4 Nd5 34.Re1+ Kf6 35.cxd6 Nxb4 36.Rb1 Nd3+
37.Ke3 Ne5  1/2-1/2

[Event "4th London Classic Open"]
[Site "London ENG"]
[Date "2012.12.01"]
[Round "1"]
[White "Ferguson,M"]
[Black "Pauw,M"]
[Result "1-0"]
[WhiteElo "2402"]
[BlackElo "2011"]

1.e4 c5 2.Nf3 d6 3.Bb5+ Bd7 4.Bxd7+ Qxd7 5.O-O Nf6 6.Qe2 Nc6 7.Rd1 Nd4 8.Nxd4 cxd4
9.c3 dxc3 10.Nxc3 e6 11.d4 Be7 12.e5 Nd5 13.Nxd5 exd5 14.exd6 Qxd6 15.Re1 Qe6
16.Bg5 Qxe2 17.Rxe2 f6 18.Rae1 O-O-O 19.Rxe7 fxg5 20.Rc1+ Kb8 21.Rcc7  1-0